000 00686nam a2200217 4500
001 131061
003 ES-MaACL
005 20250808022128.0
007 t|
008 070214s1956 sp r ||||1| spa d
100 1 _aRoberts, Cecil.
_997826
245 1 3 _aLa puerta del Paraíso
_b: excursión por Italia /
_cCecil Roberts ; [versión española de Carlos Paytuvi de Sierra].
250 _a1ª ed.
260 _aBarcelona :
_bLuis de Caralt,
_c1956.
300 _a299 p. ;
_c20 cm.
490 1 _aLa vida vivida
700 0 _aPaytuví de Sierra, Carlos.
_989742
830 0 3 _aLa vida vivida
_9180877
852 _aES-MaACL
_jC-11862
_bR.39970
999 _c131061
_d131061